000 00520nam a2200157 i 4500
001 32278
003 ES-MaACL
005 20230906154538.0
007 t|
008 030130s1924 sp ||||1| spa d
100 1 _aBenítez Rosales, Victoriano.
_927648
245 1 0 _aSobre la profilaxis de la tuberculosis pulmonar y la forma como podría desterrarse
_b: estudio proyecto /
_cVictoriano Benítez Rosales.
260 _aMadrid :
_b[s.n.,
_c1924] (
_fV. Giral)
300 _a126 p. ;
_c25 cm.
852 _aES-MaACL
_jE-1341
999 _c32278
_d32278